Ser indio en Hueyapan : (Registro nro. 11568)

Detalles MARC
000 -LEADER
fixed length control field 00856nam a22002417a 4500
001 - CONTROL NUMBER
control field 000552
003 - CONTROL NUMBER IDENTIFIER
control field DO-SdBNP
005 - DATE AND TIME OF LATEST TRANSACTION
control field 20180223093106.0
007 - PHYSICAL DESCRIPTION FIXED FIELD--GENERAL INFORMATION
fixed length control field 000552
008 - FIXED-LENGTH DATA ELEMENTS--GENERAL INFORMATION
fixed length control field 161017b 1977 mx ||||| |||| 00| 0 spa d
040 ## - CATALOGING SOURCE
Original cataloging agency BPMSU
Language of cataloging spa
Transcribing agency BPMSU
100 1# - MAIN ENTRY--PERSONAL NAME
Personal name Friedlander, Judith
240 10 - UNIFORM TITLE
Uniform title <a href=" Being Indian in Hueyapan: a study of forced identity in contemporary Mexico."> Being Indian in Hueyapan: a study of forced identity in contemporary Mexico.</a>
Language of a work Español
245 10 - TITLE STATEMENT
Title Ser indio en Hueyapan :
Remainder of title un estudio de identidad obligada en el México contemporáneo /
Statement of responsibility, etc. Judith Friedlander ; traducción de Celia H. Paschero.
260 ## - PUBLICATION, DISTRIBUTION, ETC. (IMPRINT)
Place of publication, distribution, etc. México :
Name of publisher, distributor, etc. Fondo de Cultura Económica,
Date of publication, distribution, etc. 1977.
300 ## - PHYSICAL DESCRIPTION
Extent 254 p. :
Other physical details il. ;
Dimensions 17 cm.
490 1# - SERIES STATEMENT
Series statement Popular
Volume/sequential designation 164
700 12 - ADDED ENTRY--PERSONAL NAME
Personal name Paschero, Celia H.
Relator term tr.
830 #0 - SERIES ADDED ENTRY--UNIFORM TITLE
Uniform title Popular ;
Volume number/sequential designation 164
942 ## - ADDED ENTRY ELEMENTS (KOHA)
Source of classification or shelving scheme Dewey Decimal Classification
Koha item type Libros
945 ## - LOCAL PROCESSING INFORMATION (OCLC)
a Inventariado, 2018 /LP
956 ## - LOCAL ELECTRONIC LOCATION AND ACCESS (OCLC)
Host name LOPEREZ
Access number 10
Compression information 20161017
Processor of request BPMSU
Existencias
Withdrawn status Lost status Source of classification or shelving scheme Damaged status Not for loan Collection code Home library Current library Date acquired Source of acquisition Total Checkouts Barcode Date last seen Price effective from Koha item type
    Dewey Decimal Classification     Colección General Biblioteca Pública Metropolitana Salomé Ureña Biblioteca Pública Metropolitana Salomé Ureña 10/17/2016 Donación   BPMSU16100173 10/17/2016 10/17/2016 Libros